| 000 | 00891nam a2200229Ka 4500 | ||
|---|---|---|---|
| 001 | 000001579 | ||
| 005 | 20200929145627.0 | ||
| 008 | 090623s2006 ve 000 0 spa d | ||
| 040 |
_aDO-SdBNP _bspa _cBNPHU |
||
| 090 |
_aVE 861.44 _bB641p |
||
| 100 | 1 |
_aBlanco, Andrés Eloy, _d1896-1981. _95168 |
|
| 245 | 1 | 0 |
_aPoesía / _cAndrés Eloy Blanco ; compilación y prólogo Domingo Miliani ; cronología y bibliografía Rafael Ángel Rivas Dugarte. |
| 260 |
_aCaracas : _bBiblioteca Ayacucho, _c2006. |
||
| 300 |
_alxxlx, 354 p. ; _c24 cm. |
||
| 490 | 1 |
_aClásica ; _v214 |
|
| 500 | _aIncluye referencias bibliográficas: p. 309-318 | ||
| 504 | _aIncluye referencias bibliográficas y notas al pie de las páginas | ||
| 650 | 4 |
_aPoesía venezolana _94230 |
|
| 700 | 1 |
_aMiliani, Domingo, _ecomp. y pról. _95169 |
|
| 700 | 1 |
_aRivas Dugarte, Rafael Ángel _95170 |
|
| 830 | 0 |
_aClásica ; _n214 _95171 |
|
| 999 |
_c1475 _d1475 |
||